Lowest sum of converted country names - Statistics

General Stats
  • This quiz has been taken 27 times
  • The average score is 5 of 10
Answer Stats
Sum Answer % Correct
16 Chad
89%
35 China
78%
24 Canada
67%
37 Chile
56%
27 Cuba
56%
34 Fiji
56%
37 India
56%
35 Mali
56%
31 Ghana
22%
33 Gambia
11%
No matching quizzes found
Score Distribution
Percent of People with Each Score
Percentile by Number Answered
Your Score History
You have not taken this quiz